| 000 | 00716nam a2200181 i 4500 | ||
|---|---|---|---|
| 001 | 182373 | ||
| 003 | ES-MaACL | ||
| 005 | 20230906221607.0 | ||
| 008 | 130806s1949 sp a |||| | spa d | ||
| 080 | _a726.71(463.4 Santo Domingo) | ||
| 100 | 1 |
_aRuiz, Agustín S. _9100588 |
|
| 245 | 1 | 0 |
_aSanto Domingo de Silos _b: su historia, sus monumentos y objetos artísticos, la vida monástica / _cpor Agustín S. Ruiz. |
| 260 |
_aBurgos : _bAldecoa, _c1949. |
||
| 300 |
_a95 p. : _bil. ; _c17 cm. |
||
| 610 | 2 | 4 |
_aAbadía de Silos- _vHistoria. _91135 |
| 651 | 4 |
_aSanto Domingo de Silos- _xEdificios, estructuras, etc. _9153189 |
|
| 852 |
_aES-MaACL _j2320-F-6 _z. - Donat. herederos de la bibl. de Mª Pilar Costa Palacín |
||
| 999 |
_c182373 _d182373 |
||